01426nam a22002654i 450000100060000000300090000600500170001500700030003200800410003504000330007610000410010924501990015026400390034930000410038833600270042933700330045633800280048950201770051750400300069450502240072461000780094865000590102665000340108570000410111932559DO-SdISF20250401160125.0ta240209s2020 dr a|||frm||| 000 0 spa d aDO-SdISFbspaerdacDO-SdISF1 aPacheco Ferreira, Luis Migueleautor10aNivel de competencias fundamentales en estudiantes de primer ciclo de secundaria del distrito educativo 08-08 /csustentada por: Luis Miguel Pacheco Ferreira ; asesor: Mauricio Javier Prada Rozo 1aSanto Domingo : bISFODOSU, c2020 a86 hojas :bilustraciones ; c27 cm. 2rdacontentatextobtxt 2rdamediaasin mediaciónbn 2rdacarrieravolumenbnc aTesis para optar por el título de Maestría en Educación Física Integral - Instituto Superior de Formación Docente Salomé Ureña - ISFODOSU, Recinto EMH, 2020.  aBibliografía en hoja 702 aIntroducción al problema de investigación 1 - Revisión de literatura 10 - Metodología 23 - Presentación de los resultados 33 - Interpretación de los resultados 65 - Referencias bibliográfica 70 - anexos 8014aInstituto Superior de Formación Docente Salomé UreñavTesis2armarc17aEducación secundaria2armarczRepública Dominicana17aAptitudesxMediciones2armarc1 aPrada Rozo, Mauricio Javier easesor